000 00642nam a22002177a 4500
005 20150609124624.0
008 140714b xxu||||| |||| 00| 0 Urdu d
010 _aUR-9019
020 _c200.00
035 _aU-7574
037 _bBPPD/Pub/Ven
040 _aDPL
_bUrdu
082 _a841
100 _aمينو بخشی
245 _aتشنگی
_cمينو بخشی
246 h _aTashangi
_bby Minu Bakhshi
260 _bEducational Publishing House
_c2012
_aDelhi
270 _a3108,Vakil Street,kucha Pandit,Lal kuan,
_bDelhi
_k23214465
_e110006
300 _a136ص
_c22Cm (Hb)
942 _2ddc
_cUR
_e
_h841
_mم ی ن
999 _c94144
_d94144